El escritor y la tradición: Ricardo Piglia y la literatura argentina

-д хадгалсан:
Номзүйн дэлгэрэнгүй
Үндсэн зохиолч: Fornet, Jorge (Зохиогч)
Формат: Ном
Хэл сонгох:испани
Хэвлэсэн: Buenos Aires Fondo de Cultura Económica 2007
Хэвлэл:1a. ed
Цуврал:Colección Tierra Firme
Нөхцлүүд:
Шошгууд: Шошго нэмэх
Шошго байхгүй, Энэхүү баримтыг шошголох эхний хүн болох!

MARC

LEADER 00000cam a2200000 a 4500
001 UCI1245
003 CL-VaPUC
008 070622e20070000AG |||||||||||||||||spa|d
020 |a 9789505577040 
082 0 4 |a 807  |b FOR  |2 21 
100 0 |a Fornet, Jorge  |e author  |9 521626 
245 1 3 |a El escritor y la tradición: Ricardo Piglia y la literatura argentina 
250 |a 1a. ed 
300 |a 241 p 
942 |c BK 
945 |d 20070622 00:00:00  |a jtorresc 
260 |a Buenos Aires  |b Fondo de Cultura Económica  |c 2007 
650 0 |a Estudios literarios  |9 357019 
583 |a last modification  |c 20180803 12:10:38  |k Rodrigo Vera 
490 0 |a Colección Tierra Firme 
999 |c 326085  |d 326083 
952 |0 0  |1 0  |4 0  |6 807_000000000000000_FOR_2007  |7 0  |8 A  |9 407774  |a BIBEDU  |b BIBEDU  |d 2019-11-22  |i 4351207  |o 807 FOR 2007  |p 4351207  |r 2019-11-22  |w 2019-11-22  |y BK  |k LIT 
952 |0 0  |1 0  |3 erb  |4 0  |6 807_000000000000000_FOR_2007  |7 0  |8 A  |9 407775  |a FDOPOS  |b FDOPOS  |i 5486335  |o 807 FOR 2007  |p 5486335  |r 2025-01-22  |w 2019-11-22  |y BK  |z Catalogado en:20180803  |k DLH 
952 |0 0  |1 0  |3 erb  |4 0  |6 807_000000000000000_FOR_2007  |7 0  |8 A  |9 407776  |a FDOPOS  |b FDOPOS  |i 5591708  |o 807 FOR 2007  |p 5591708  |r 2025-01-22  |w 2019-11-22  |y BK  |z Catalogado en:20190617  |k DLH